FILOZOFICKÉ A METODOLOGICKÉ PROBLÉMY BUDOVANIA TEÓRIE KVANTOVEJ GRAVITÁCIE

Bibliographic Details
Main Author: Dubnička, Ján, 1941- (Author)
Format: Article
Language:Slovak

MARC

LEADER 00000nab a2200000 a 4500
001 vtls010705408
003 SK-MaSNL
005 20260304185756.0
008 250709s2009 xo |||||||||||||||||slo|
035 |a (urnnbn)urn:nbn:sk:snk:ar-a03zuv 
035 |a (uuid)279060aa-46db-4eca-bc32-da7525b6c8a2 
035 |a urn:nbn:sk:snk-ab39yq 
040 |a SNKBUCL  |b slo  |c SNKBUCL  |e AACR2 
041 0 |a slo 
044 |a xo  |c SK 
100 1 |a Dubnička, Ján,  |d 1941-  |4 aut  |9 39778 
245 1 0 |a FILOZOFICKÉ A METODOLOGICKÉ PROBLÉMY BUDOVANIA TEÓRIE KVANTOVEJ GRAVITÁCIE  |c Ján Dubnička 
773 0 |t Filozofia  |g Roč. 64, č. 7 (2009), s. 658-668 
850 |a Slovenská národná knižnica 
852 |a Slovenská národná knižnica 
954 |a odborná, vedecká literatúra pôvodná (slovenská)  |2 lita 
958 |a article1 
958 |a OND 
958 |a EUIPO 
999 |c 3045950  |d 3047880